000 00679nam a2200181 a 4500
008 120416s1986 ||||||||||||||||| || u
020 _a0582988101
020 _a0470206918
050 _aTA 710 Sut
100 _aSutton, B. H. C
245 1 0 _aSolving problems in soil mechanics
260 _aEssex:
_bLongman Scientific & Technical Wiley
_c1986
300 _a(vi), 234p. : ill.
350 _a0.00
500 _aDistributor from label on p. 4 of cover. -Includes index.
650 _aSOIL MECHANICS--PROBLEMS, EXERCISES, ETC
995 _D0.00
_FCBU-MAIN LIBRARY (Kitwe)
_H1
_I10.95
_M1
_UDAMAGED
_ZMain Library Open Access Collection
999 _c57919
_d57919